Secular evangelism. (Record no. 10556)

000 -LEADER
fixed length control field 00582nam a2200205 a 4500
001 - CONTROL NUMBER
control field :::00008345$&:&@@
003 - CONTROL NUMBER IDENTIFIER
control field OkBaRHE
005 - DATE AND TIME OF LATEST TRANSACTION
control field 20000607103343.0
008 - FIXED-LENGTH DATA ELEMENTS--GENERAL INFORMATION
fixed length control field s1970 j 000 0 eng u
020 ## - INTERNATIONAL STANDARD BOOK NUMBER
International Standard Book Number 0334014751
040 ## - CATALOGING SOURCE
Transcribing agency
100 1# - MAIN ENTRY--PERSONAL NAME
Personal name Brown, Fred, 1923-
245 10 - TITLE STATEMENT
Title Secular evangelism.
260 ## - PUBLICATION, DISTRIBUTION, ETC. (IMPRINT)
Place of publication, distribution, etc London, UK:ENG., :
Name of publisher, distributor, etc S.C.M. Press
Date of publication, distribution, etc 1970
300 ## - PHYSICAL DESCRIPTION
Extent 128 p. ;
Dimensions 22 cm.
650 ## - SUBJECT ADDED ENTRY--TOPICAL TERM
Topical term or geographic name as entry element Evangelistic Work
650 ## - SUBJECT ADDED ENTRY--TOPICAL TERM
Topical term or geographic name as entry element Secularism
942 ## - ADDED ENTRY ELEMENTS (KOHA)
Source of classification or shelving scheme
Koha item type Books
Copies
Date acquired Permanent Location Not for loan Price effective from Copy number Full call number Damaged status Source of classification or shelving scheme Withdrawn status Koha item type Date last seen Lost status Shelving location Barcode
2010-04-14RHEMA Bible Training College 2010-04-141BV 3790 .B735   Books2010-04-14 General Stacks8345